| 000 | 01864nam a22003377a 4500 | ||
|---|---|---|---|
| 005 | 20240530110339.0 | ||
| 008 | 141030s2011 le gr 001 0dara d | ||
| 020 | _a9789953824154 | ||
| 040 | _aEG-CaGPL | ||
| 082 | 0 | 4 |
_221 _a320.956\ _bم أ |
| 100 | 0 | _aعادل مجاهد الشرجبى | |
| 245 |
_aازمة الدولة فى الوطن العربى : _cعادل مجاهد الشرجبى ...[ واخ. ] _bبحوث ومناقشات الندوة الفكرية التى نظمها مركز دراسات الوحدة العربية بالتعاون مع مركز كارنيفي للشرق الاوسط والجمعية العربية للعلوم السياسية / |
||
| 260 |
_aبيروت : _bمركز دراسات الوحدة العربية ، _c2011 |
||
| 300 |
_a575 ص ؛ _c24 سم |
||
| 650 | 0 | 4 |
_aالمجتمع العربى _xالاحوال السياسية |
| 650 | 0 | 4 |
_aالحكومات _xالمجتمع العربى |
| 650 | 0 | 4 |
_aالدولة _xعلاقتها بالافراد والجماعات _zالسودان |
| 650 | 0 | 4 |
_aالدولة _xعلاقتها بالافراد _zاليمن |
| 650 | 0 | 4 |
_aالدولة _xعلاقتها بالافراد _zالصومال |
| 650 | 0 | 4 | _aالقبائل العربية السعودية |
| 650 | 0 | 4 |
_aالمجتمعات القبلية _zالسعودية |
| 650 | 0 | 4 | _aالعدالة الاجتماعية |
| 650 | 0 | 4 |
_aالصراع الطائفى _zلبنان |
| 650 | 0 | 4 |
_aلبنان _xتاريخ _yالعصر الحديث _xالحرب الاهلية |
| 700 | 0 |
_aعدنان السيد حسين _eمؤلف مشارك |
|
| 700 | 0 |
_aمحمد عبدالشفيع عيسى _eمؤلف مشارك |
|
| 700 | 0 |
_aعبدالاله بلقزيز _eمؤلف مشارك |
|
| 700 | 0 |
_aعمرو حمزاوى _eمؤلف مشارك |
|
| 942 |
_2ddc _cBK |
||
| 999 |
_c59853 _d59853 |
||